| 000 | 00353nam a22001337a 4500 | ||
|---|---|---|---|
| 008 | 180209b xxu||||| |||| 00| 0 eng d | ||
| 020 | _a0329003649 | ||
| 041 | _aeng | ||
| 080 | _a616 | ||
| 100 | _a3 | ||
| 101 | _aSHM | ||
| 245 |
_aETHICAL ISSUES OF POPULATION AND CULTURE ECONOMICS AND INTERNATIONAL ASSSTANCE _cDANILE.C |
||
| 942 |
_2udc _cBK |
||
| 999 |
_c42217 _d42217 |
||